[Event "Muensterland Regionalliga 2526"]
[Site "Germany"]
[Date "2026.03.07"]
[Round "7"]
[Board "5"]
[White "Rothkegel, Juergen"]
[Black "Klueppel, Ralf"]
[Result "1-0"]
[WhiteElo "1880"]
[BlackElo "1735"]
[WhiteFideId "-1"]
[BlackFideId "-1"]
[PlyCount "97"]
[GameId "2290172547626454"]
[EventDate "2025.??.??"]
[EventType "team-tourn"]
[EventRounds "9"]
[EventCountry "GER"]
[SourceTitle "Verband Muensterland"]
[SourceDate "2025.09.21"]
[SourceVersion "1"]
[SourceVersionDate "2025.09.21"]
[SourceQuality "1"]
[WhiteTeam "Gronau"]
[BlackTeam "Borken"]
[WhiteTeamCountry "GER"]
[BlackTeamCountry "GER"]

1. e4 c6 2. d4 d5 3. e5 Bf5 4. Nc3 Qb6 5. a3 h6 6. Be3 e6 7. Nf3 Ne7 8. b4 Ng6 9. Bd3 Bxd3 10. Qxd3 Be7 11. h4 Qd8 12. g3 Nd7 13. h5 Ngf8 14. Nh4 Nb6 15. f4 Nc4 16. Nf3 a5 17. O-O axb4 18. axb4 Bxb4 19. Ne2 b5 20. g4 Nh7 21. Bf2 O-O 22. Bh4 Be7 23. Rxa8 Qxa8 24. Bxe7 Re8 25. Bc5 Qa2 26. g5 Nb2 27. Qb3 Ra8 28. gxh6 gxh6 29. Qxa2 Rxa2 30. Nc3 Ra8 31. Nd2 Nc4 32. Nxc4 bxc4 33. Rb1 Ra6 34. Kf2 Kg7 35. Rg1+ Kh8 36. Ke3 Ra8 37. Rb1 Rg8 38. Ne2 Re8 39. Bd6 Kg7 40. Rb8 Rxb8 41. Bxb8 Nf8 42. Bd6 Nd7 43. Ng3 f6 44. Kd2 Kf7 45. Kc3 Ke8 46. Kb4 Kd8 47. Ka5 Kc8 48. Ka6 fxe5 49. fxe5 1-0

[Event "Muensterland Regionalliga 2526"]
[Site "Germany"]
[Date "2026.03.07"]
[Round "7"]
[Board "6"]
[White "Finke, Hermann"]
[Black "Storck, Martin"]
[Result "1-0"]
[WhiteElo "1627"]
[BlackElo "1846"]
[WhiteFideId "-1"]
[BlackFideId "-1"]
[PlyCount "83"]
[GameId "2290172547626456"]
[EventDate "2025.??.??"]
[EventType "team-tourn"]
[EventRounds "9"]
[EventCountry "GER"]
[SourceTitle "Verband Muensterland"]
[SourceDate "2025.09.21"]
[SourceVersion "1"]
[SourceVersionDate "2025.09.21"]
[SourceQuality "1"]
[WhiteTeam "Borken"]
[BlackTeam "Gronau"]
[WhiteTeamCountry "GER"]
[BlackTeamCountry "GER"]

1. e4 e5 2. Nc3 Nf6 3. f4 d6 4. Nf3 Nc6 5. Bb5 exf4 6. d4 Bd7 7. Bxf4 Be7 8. O-O O-O 9. Qd2 a6 10. Bc4 b5 11. Bb3 b4 12. Nd5 Nxe4 13. Qe1 Nf6 14. Nxb4 Nxb4 15. Qxb4 d5 16. Qa5 c6 17. Qxd8 Rfxd8 18. Ne5 Rac8 19. c4 Be6 20. c5 Ne4 21. Ba4 Bd7 22. Rf3 Be8 23. Rb3 f6 24. Nd3 g5 25. Be3 Rb8 26. Nb4 Rdc8 27. Nxc6 Bxc6 28. Rxb8 Rxb8 29. Bxc6 Rd8 30. b4 Nc3 31. a4 Rc8 32. Ra3 Ne2+ 33. Kf2 Nf4 34. Bxf4 gxf4 35. Bxd5+ Kf8 36. Kf3 Rd8 37. Ke4 f5+ 38. Ke5 Kg7 39. Ke6 Bf6 40. c6 Re8+ 41. Kd7 Re7+ 42. Kd6 1-0

[Event "Muensterland Regionalliga 2526"]
[Site "Germany"]
[Date "2026.03.07"]
[Round "7"]
[Board "7"]
[White "Baer, Klaus"]
[Black "Althoff, Hannes"]
[Result "1-0"]
[WhiteElo "1560"]
[BlackElo "1473"]
[WhiteFideId "-1"]
[BlackFideId "-1"]
[PlyCount "69"]
[GameId "2290172547667418"]
[EventDate "2025.??.??"]
[EventType "team-tourn"]
[EventRounds "9"]
[EventCountry "GER"]
[SourceTitle "Verband Muensterland"]
[SourceDate "2025.09.21"]
[SourceVersion "1"]
[SourceVersionDate "2025.09.21"]
[SourceQuality "1"]
[WhiteTeam "Gronau"]
[BlackTeam "Borken"]
[WhiteTeamCountry "GER"]
[BlackTeamCountry "GER"]

1. Nf3 d5 2. d4 Nf6 3. e3 Bg4 4. Bd3 e6 5. O-O Nbd7 6. Nbd2 c5 7. b3 cxd4 8. exd4 Bd6 9. Bb2 O-O 10. Re1 Qc7 11. h3 Bh5 12. g4 Bg6 13. Bxg6 hxg6 14. Ne5 b5 15. Rc1 b4 16. c4 bxc3 17. Bxc3 Qb7 18. Bb2 Rac8 19. Qe2 Rxc1 20. Rxc1 Re8 21. Ndf3 Ne4 22. Qc2 Bxe5 23. Nxe5 Nxe5 24. dxe5 Qb6 25. Kg2 Ng5 26. h4 Nh7 27. Qc6 Qxc6 28. Rxc6 f6 29. f4 Re7 30. Ba3 Re8 31. Rc7 g5 32. hxg5 fxg5 33. fxg5 Nxg5 34. Rxa7 Rd8 35. Be7 1-0

[Event "Muensterland Regionalliga 2526"]
[Site "Germany"]
[Date "2026.03.07"]
[Round "7"]
[Board "8"]
[White "Althoff, Jasper"]
[Black "Hauser, Emilian"]
[Result "1/2-1/2"]
[WhiteElo "1512"]
[BlackElo "1523"]
[WhiteFideId "-1"]
[BlackFideId "-1"]
[PlyCount "105"]
[GameId "2290172547667420"]
[EventDate "2025.??.??"]
[EventType "team-tourn"]
[EventRounds "9"]
[EventCountry "GER"]
[SourceTitle "Verband Muensterland"]
[SourceDate "2025.09.21"]
[SourceVersion "1"]
[SourceVersionDate "2025.09.21"]
[SourceQuality "1"]
[WhiteTeam "Borken"]
[BlackTeam "Gronau"]
[WhiteTeamCountry "GER"]
[BlackTeamCountry "GER"]

1. d4 d5 2. Bf4 Nf6 3. e3 c5 4. Nf3 e6 5. c3 Bd6 6. Bg3 O-O 7. Nbd2 b6 8. Bd3 Bb7 9. O-O Bxg3 10. hxg3 Ne4 11. Bc2 Nd7 12. dxc5 Ndxc5 13. Nxe4 Nxe4 14. Bxe4 dxe4 15. Qxd8 Rfxd8 16. Nd4 e5 17. Nb3 Rd3 18. c4 Ba6 19. Rfc1 Rc8 20. c5 g6 21. Kh2 Rc6 22. cxb6 Rxb6 23. Rc7 Rf6 24. Kg1 Rfd6 25. Rxa7 Bc4 26. Ra8+ Kg7 27. Rb8 Bxb3 28. Rxb3 Rxb3 29. axb3 Rb6 30. Rb1 Rxb3 31. g4 Kf6 32. Kh2 Kg5 33. Kh3 f5 34. gxf5 gxf5 35. g3 f4 36. exf4+ exf4 37. Re1 Kf5 38. Kh4 fxg3 39. fxg3 Rxb2 40. Rf1+ Ke5 41. Kg4 Kd4 42. Kf4 Rd2 43. Rh1 Kd3 44. Rxh7 Rf2+ 45. Kg5 e3 46. g4 e2 47. Re7 Rf1 48. Kg6 e1=Q 49. Rxe1 Rxe1 50. g5 Rf1 51. Kh7 Ke4 52. g6 Rh1+ 53. Kg8 1/2-1/2

[Event "Muensterland Regionalliga 2526"]
[Site "Germany"]
[Date "2026.03.07"]
[Round "7"]
[Board "1"]
[White "Kipp, Lucas"]
[Black "Wellen, Hendrik"]
[Result "1/2-1/2"]
[WhiteElo "2013"]
[BlackElo "1995"]
[WhiteFideId "-1"]
[BlackFideId "-1"]
[PlyCount "51"]
[GameId "2290172427940749"]
[EventDate "2025.??.??"]
[EventType "team-tourn"]
[EventRounds "9"]
[EventCountry "GER"]
[SourceTitle "Verband Muensterland"]
[SourceDate "2025.09.21"]
[SourceVersion "1"]
[SourceVersionDate "2025.09.21"]
[SourceQuality "1"]
[WhiteTeam "Saerbeck"]
[BlackTeam "Heiden"]
[WhiteTeamCountry "GER"]
[BlackTeamCountry "GER"]

1. e4 e5 2. Nf3 Nc6 3. d4 exd4 4. Nxd4 Nf6 5. Nxc6 bxc6 6. Bd3 d5 7. Nc3 Be7 8. O-O O-O 9. e5 Ng4 10. h3 Nxe5 11. Bxh7+ Kxh7 12. Qh5+ Kg8 13. Qxe5 Bd6 14. Qh5 Qf6 15. Re1 Bf5 16. Bg5 Qg6 17. Qxg6 Bxg6 18. Re2 Rfe8 19. Rae1 Kf8 20. Kf1 Rxe2 21. Rxe2 Re8 22. Be3 a5 23. a3 f6 24. Rd2 Kf7 25. Ne2 Ke6 26. Nf4+ 1/2-1/2

[Event "Muensterland Regionalliga 2526"]
[Site "Germany"]
[Date "2026.03.07"]
[Round "7"]
[Board "2"]
[White "Leidig, Andreas"]
[Black "Bartsch, Jan"]
[Result "1/2-1/2"]
[WhiteElo "1897"]
[BlackElo "1883"]
[WhiteFideId "-1"]
[BlackFideId "-1"]
[PlyCount "127"]
[GameId "2290172427940751"]
[EventDate "2025.??.??"]
[EventType "team-tourn"]
[EventRounds "9"]
[EventCountry "GER"]
[SourceTitle "Verband Muensterland"]
[SourceDate "2025.09.21"]
[SourceVersion "1"]
[SourceVersionDate "2025.09.21"]
[SourceQuality "1"]
[WhiteTeam "Heiden"]
[BlackTeam "Saerbeck"]
[WhiteTeamCountry "GER"]
[BlackTeamCountry "GER"]

1. e4 d5 2. exd5 Qxd5 3. Nc3 Qd6 4. d4 c6 5. Nf3 Nf6 6. Bc4 Bg4 7. Be3 e6 8. h3 Bxf3 9. Qxf3 Nbd7 10. O-O Be7 11. a4 a5 12. Bb3 Nb6 13. Ne2 Nbd5 14. Bd2 Bd8 15. c4 Bc7 16. g3 Ne7 17. Bf4 Qd7 18. Bg5 O-O-O 19. Rfd1 h6 20. Bxf6 gxf6 21. d5 exd5 22. cxd5 Qxh3 23. dxc6 Nxc6 24. Bc2 Kb8 25. Bf5 Ne5 26. Qxb7+ Kxb7 27. Bxh3 Nd3 28. Bf5 Nc5 29. Nc3 Be5 30. Be4+ Nxe4 31. Nxe4 Rxd1+ 32. Rxd1 Rc8 33. Nd6+ Bxd6 34. Rxd6 Rc6 35. Rd7+ Rc7 36. Rd5 Kb6 37. Rb5+ Ka6 38. Rh5 Kb6 39. Rxh6 Kc5 40. Rxf6 Kb4 41. Rf4+ Kb3 42. Rf5 Kxa4 43. Kg2 Kb4 44. g4 a4 45. Rf3 Rc2 46. Rxf7 Rxb2 47. Rb7+ Kc3 48. Ra7 Kb3 49. g5 Rc2 50. Kg3 a3 51. f4 a2 52. g6 Rc6 53. f5 Rc3+ 54. Kf4 Rc4+ 55. Kg5 Ra4 56. Rb7+ Kc4 57. Rc7+ Kd4 58. Rc1 a1=Q 59. Rxa1 Rxa1 60. Kf6 Ke4 61. g7 Rg1 62. Kf7 Kxf5 63. g8=Q Rxg8 64. Kxg8 1/2-1/2

[Event "Muensterland Regionalliga 2526"]
[Site "Germany"]
[Date "2026.03.07"]
[Round "7"]
[Board "3"]
[White "Waltermann, Jens"]
[Black "Wigger, Niklas"]
[Result "1/2-1/2"]
[WhiteElo "1812"]
[BlackElo "1858"]
[WhiteFideId "-1"]
[BlackFideId "-1"]
[PlyCount "50"]
[GameId "2290172427940753"]
[EventDate "2025.??.??"]
[EventType "team-tourn"]
[EventRounds "9"]
[EventCountry "GER"]
[SourceTitle "Verband Muensterland"]
[SourceDate "2025.09.21"]
[SourceVersion "1"]
[SourceVersionDate "2025.09.21"]
[SourceQuality "1"]
[WhiteTeam "Saerbeck"]
[BlackTeam "Heiden"]
[WhiteTeamCountry "GER"]
[BlackTeamCountry "GER"]

1. Nf3 c5 2. g3 d5 3. Bg2 Nf6 4. c4 Nc6 5. cxd5 Nxd5 6. O-O e6 7. Nc3 Be7 8. Nxd5 exd5 9. d4 O-O 10. dxc5 Bxc5 11. a3 a5 12. Qc2 Ba7 13. Rd1 Be6 14. e3 Qf6 15. Bd2 Rac8 16. Bc3 d4 17. exd4 Bd5 18. Qd3 Rfd8 19. Qe3 Re8 20. Qg5 Qd6 21. Nh4 Bxg2 22. Kxg2 h6 23. Qg4 g6 24. Nf3 Qd5 25. Re1 Rcd8 1/2-1/2

[Event "Muensterland Regionalliga 2526"]
[Site "Germany"]
[Date "2026.03.07"]
[Round "7"]
[Board "4"]
[White "Wienen, Hermann"]
[Black "Hoge, Reinhard"]
[Result "1/2-1/2"]
[WhiteElo "1875"]
[BlackElo "1854"]
[WhiteFideId "-1"]
[BlackFideId "-1"]
[PlyCount "40"]
[GameId "2290172427940755"]
[EventDate "2025.??.??"]
[EventType "team-tourn"]
[EventRounds "9"]
[EventCountry "GER"]
[SourceTitle "Verband Muensterland"]
[SourceDate "2025.09.21"]
[SourceVersion "1"]
[SourceVersionDate "2025.09.21"]
[SourceQuality "1"]
[WhiteTeam "Heiden"]
[BlackTeam "Saerbeck"]
[WhiteTeamCountry "GER"]
[BlackTeamCountry "GER"]

1. e4 c5 2. Nf3 Nc6 3. Bc4 e6 4. d4 cxd4 5. Nxd4 Nf6 6. Nxc6 bxc6 7. Qf3 Be7 8. O-O O-O 9. e5 Nd5 10. Nc3 f6 11. Nxd5 cxd5 12. Bxd5 Ba6 13. Bxa8 Bxf1 14. Be4 Ba6 15. Qh3 f5 16. Bd3 Bb7 17. Be3 Qa5 18. Qg3 Qb4 19. Qf4 Qxb2 20. Qd4 Qxd4 1/2-1/2

[Event "Muensterland Regionalliga 2526"]
[Site "Germany"]
[Date "2026.03.07"]
[Round "7"]
[Board "5"]
[White "Bartsch, Rainer"]
[Black "Berger, Alfred"]
[Result "0-1"]
[WhiteElo "1663"]
[BlackElo "1848"]
[WhiteFideId "-1"]
[BlackFideId "-1"]
[PlyCount "58"]
[GameId "2290172427940757"]
[EventDate "2025.??.??"]
[EventType "team-tourn"]
[EventRounds "9"]
[EventCountry "GER"]
[SourceTitle "Verband Muensterland"]
[SourceDate "2025.09.21"]
[SourceVersion "1"]
[SourceVersionDate "2025.09.21"]
[SourceQuality "1"]
[WhiteTeam "Saerbeck"]
[BlackTeam "Heiden"]
[WhiteTeamCountry "GER"]
[BlackTeamCountry "GER"]

1. d4 d5 2. Bf4 Nf6 3. Nc3 c6 4. e3 g6 5. h3 Bg7 6. Nf3 Qa5 7. Qd2 b5 8. Bd3 b4 9. Nd1 Ne4 10. Bxe4 dxe4 11. Ng1 Ba6 12. a3 c5 13. Ne2 Bxe2 14. Kxe2 Nc6 15. d5 Rd8 16. c4 Ne5 17. Bxe5 Bxe5 18. f4 exf3+ 19. gxf3 Qa6 20. Qd3 e6 21. e4 O-O 22. Rb1 exd5 23. exd5 Rfe8 24. Kf2 Bd4+ 25. Kf1 Rxd5 26. axb4 Rde5 27. Nf2 Re3 28. b5 Qe6 29. Qc2 Re2 0-1

[Event "Muensterland Regionalliga 2526"]
[Site "Germany"]
[Date "2026.03.07"]
[Round "7"]
[Board "6"]
[White "Niewerth, Gerd"]
[Black "Bloemker, Stephan"]
[Result "1/2-1/2"]
[WhiteElo "1838"]
[BlackElo "1554"]
[WhiteFideId "-1"]
[BlackFideId "-1"]
[PlyCount "80"]
[GameId "2290172427940759"]
[EventDate "2025.??.??"]
[EventType "team-tourn"]
[EventRounds "9"]
[EventCountry "GER"]
[SourceTitle "Verband Muensterland"]
[SourceDate "2025.09.21"]
[SourceVersion "1"]
[SourceVersionDate "2025.09.21"]
[SourceQuality "1"]
[WhiteTeam "Heiden"]
[BlackTeam "Saerbeck"]
[WhiteTeamCountry "GER"]
[BlackTeamCountry "GER"]

1. e4 c5 2. Nf3 Nf6 3. Nc3 d5 4. exd5 Nxd5 5. Bc4 Nb6 6. Bb5+ Bd7 7. Bxd7+ N8xd7 8. d4 e6 9. Bf4 Be7 10. dxc5 Nxc5 11. Qe2 O-O 12. Rd1 Qe8 13. O-O Rd8 14. Rxd8 Qxd8 15. Rd1 Qc8 16. h3 Rd8 17. Be5 Ncd7 18. Bg3 Nf6 19. Nb5 Rxd1+ 20. Qxd1 Qc4 21. Nc3 Nbd5 22. Nxd5 Nxd5 23. b3 Qc8 24. c4 Nc3 25. Qc2 Bb4 26. a3 Ba5 27. Qd3 Qd8 28. Qxd8+ Bxd8 29. Be5 Ne4 30. Kf1 f6 31. Bd4 b6 32. Ke2 Be7 33. b4 e5 34. Bb2 Kf7 35. Nd2 Nxd2 36. Kxd2 Ke6 37. f3 g6 38. Kd3 f5 39. Bc1 Kd6 40. Be3 Kc6 1/2-1/2

[Event "Muensterland Regionalliga 2526"]
[Site "Germany"]
[Date "2026.03.07"]
[Round "7"]
[Board "7"]
[White "Rogowski, Friedrich"]
[Black "Meis, Jonas"]
[Result "0-1"]
[WhiteElo "1665"]
[BlackElo "1754"]
[WhiteFideId "-1"]
[BlackFideId "-1"]
[PlyCount "98"]
[GameId "2290172427940761"]
[EventDate "2025.??.??"]
[EventType "team-tourn"]
[EventRounds "9"]
[EventCountry "GER"]
[SourceTitle "Verband Muensterland"]
[SourceDate "2025.09.21"]
[SourceVersion "1"]
[SourceVersionDate "2025.09.21"]
[SourceQuality "1"]
[WhiteTeam "Saerbeck"]
[BlackTeam "Heiden"]
[WhiteTeamCountry "GER"]
[BlackTeamCountry "GER"]

1. e4 c5 2. Nf3 e6 3. c3 d5 4. exd5 Qxd5 5. Bb5+ Bd7 6. Bxd7+ Nxd7 7. d4 Ngf6 8. O-O cxd4 9. Qxd4 Bc5 10. Qxd5 Nxd5 11. Nbd2 O-O 12. Nb3 Be7 13. Re1 Rac8 14. Be3 Nxe3 15. Rxe3 Nb6 16. Re2 Rfd8 17. Kf1 Bf6 18. Rd2 Nc4 19. Rxd8+ Rxd8 20. Rb1 Rd5 21. Ke2 a5 22. Nbd2 Nd6 23. c4 Rc5 24. b3 g6 25. Kd3 Bg7 26. a3 b5 27. a4 b4 28. Rd1 e5 29. Ng5 f5 30. Ne6 e4+ 31. Ke2 Re5 32. Nxg7 Kxg7 33. Nf1 Nf7 34. Ne3 Rc5 35. Rd7 Kf6 36. Nd5+ Kg7 37. Nf4 Rc6 38. Rd5 Ra6 39. Ne6+ Rxe6 40. Rxa5 Ne5 41. Ra7+ Kg8 42. Rb7 Nd3 43. Ke3 f4+ 44. Kd2 e3+ 45. fxe3 fxe3+ 46. Ke2 Nf4+ 47. Ke1 Nxg2+ 48. Ke2 Nf4+ 49. Ke1 e2 0-1

[Event "Muensterland Regionalliga 2526"]
[Site "Germany"]
[Date "2026.03.07"]
[Round "7"]
[Board "8"]
[White "Dolle, Stefan"]
[Black "Welzel, Wilhelm"]
[Result "1/2-1/2"]
[WhiteElo "1767"]
[BlackElo "1502"]
[WhiteFideId "-1"]
[BlackFideId "-1"]
[PlyCount "35"]
[GameId "2290172427940763"]
[EventDate "2025.??.??"]
[EventType "team-tourn"]
[EventRounds "9"]
[EventCountry "GER"]
[SourceTitle "Verband Muensterland"]
[SourceDate "2025.09.21"]
[SourceVersion "1"]
[SourceVersionDate "2025.09.21"]
[SourceQuality "1"]
[WhiteTeam "Heiden"]
[BlackTeam "Saerbeck"]
[WhiteTeamCountry "GER"]
[BlackTeamCountry "GER"]

1. d4 Nf6 2. c4 g6 3. Nc3 Bg7 4. e4 d6 5. f3 O-O 6. Be3 e5 7. d5 a5 8. Qd2 Na6 9. g4 Nc5 10. Nge2 Bxg4 11. fxg4 Nfxe4 12. Nxe4 Nxe4 13. Qd3 Qh4+ 14. Kd1 f5 15. Bg2 Nf2+ 16. Bxf2 Qxf2 17. Qf3 Qc5 18. Qb3 1/2-1/2

[Event "Muensterland Regionalliga 2526"]
[Site "Germany"]
[Date "2026.03.07"]
[Round "7"]
[Board "1"]
[White "Tuente, Marcel"]
[Black "Rieke, Theo"]
[Result "1/2-1/2"]
[WhiteElo "1953"]
[BlackElo "1955"]
[WhiteFideId "-1"]
[BlackFideId "-1"]
[PlyCount "77"]
[GameId "2290172160459082"]
[EventDate "2025.??.??"]
[EventType "team-tourn"]
[EventRounds "9"]
[EventCountry "GER"]
[SourceTitle "Verband Muensterland"]
[SourceDate "2025.09.21"]
[SourceVersion "1"]
[SourceVersionDate "2025.09.21"]
[SourceQuality "1"]
[WhiteTeam "Raesfeld Erle II"]
[BlackTeam "Steinfurt"]
[WhiteTeamCountry "GER"]
[BlackTeamCountry "GER"]

1. e4 e5 2. Nf3 Nc6 3. Bc4 Nf6 4. d4 exd4 5. O-O Nxe4 6. Re1 d5 7. Bxd5 Qxd5 8. Nc3 Qa5 9. Nxe4 Be6 10. Neg5 O-O-O 11. Nxe6 fxe6 12. Rxe6 Bd6 13. Qe2 Qh5 14. h3 Kd7 15. Bg5 Rde8 16. Rxe8 Qxe8 17. Qb5 Kc8 18. Re1 Qg6 19. Qc4 h6 20. Bd2 Rd8 21. b4 Qf6 22. a4 Ne5 23. Nxe5 Bxe5 24. b5 g5 25. a5 h5 26. Bxg5 Qxg5 27. Qe6+ Rd7 28. Qxe5 Qd2 29. Re2 Qxa5 30. Qxh5 c6 31. Qe8+ Rd8 32. Qe6+ Kc7 33. bxc6 bxc6 34. h4 Qd5 35. Qe7+ Rd7 36. Qa3 a5 37. Re7 Rxe7 38. Qxe7+ Kb6 39. g4 1/2-1/2

[Event "Muensterland Regionalliga 2526"]
[Site "Germany"]
[Date "2026.03.07"]
[Round "7"]
[Board "2"]
[White "Arning, Marcus"]
[Black "Broemmel, Rudolf"]
[Result "1/2-1/2"]
[WhiteElo "1921"]
[BlackElo "1910"]
[WhiteFideId "-1"]
[BlackFideId "-1"]
[PlyCount "64"]
[GameId "2290172160467278"]
[EventDate "2025.??.??"]
[EventType "team-tourn"]
[EventRounds "9"]
[EventCountry "GER"]
[SourceTitle "Verband Muensterland"]
[SourceDate "2025.09.21"]
[SourceVersion "1"]
[SourceVersionDate "2025.09.21"]
[SourceQuality "1"]
[WhiteTeam "Steinfurt"]
[BlackTeam "Raesfeld Erle II"]
[WhiteTeamCountry "GER"]
[BlackTeamCountry "GER"]

1. e4 Nc6 2. d4 d5 3. e5 Bf5 4. Be2 e6 5. c3 Qd7 6. Nd2 Nge7 7. h4 h6 8. h5 f6 9. g4 Bh7 10. f4 fxe5 11. fxe5 Nc8 12. Nh3 Be7 13. Nf3 Nd8 14. Bd3 Bxd3 15. Qxd3 Nf7 16. Qg6 Bf8 17. Nf4 Ne7 18. Qxe6 Nd8 19. Qxd7+ Kxd7 20. e6+ Kc6 21. O-O Kb6 22. Ne5 Ndc6 23. Nd7+ Ka6 24. a4 b6 25. b4 Kb7 26. b5 Na5 27. Ne5 Re8 28. Ba3 Nc8 29. Nfg6 Bxa3 30. Nxh8 Bb2 31. Rab1 Bxc3 32. Nhg6 Bxd4+ 1/2-1/2

[Event "Muensterland Regionalliga 2526"]
[Site "Germany"]
[Date "2026.03.07"]
[Round "7"]
[Board "4"]
[White "Bahceci, Caner"]
[Black "Hoffmann, Fabian"]
[Result "0-1"]
[WhiteElo "1831"]
[BlackElo "2009"]
[WhiteFideId "-1"]
[BlackFideId "-1"]
[PlyCount "94"]
[GameId "2290172160459076"]
[EventDate "2025.??.??"]
[EventType "team-tourn"]
[EventRounds "9"]
[EventCountry "GER"]
[SourceTitle "Verband Muensterland"]
[SourceDate "2025.09.21"]
[SourceVersion "1"]
[SourceVersionDate "2025.09.21"]
[SourceQuality "1"]
[WhiteTeam "Steinfurt"]
[BlackTeam "Raesfeld Erle II"]
[WhiteTeamCountry "GER"]
[BlackTeamCountry "GER"]

1. e4 e6 2. d4 d5 3. Nc3 Bb4 4. e5 Ne7 5. Qg4 Nf5 6. Nf3 h5 7. Qf4 c5 8. a3 Ba5 9. dxc5 Bxc3+ 10. bxc3 Qa5 11. Qb4 Nc6 12. Bb5 Qc7 13. O-O Bd7 14. Bxc6 Bxc6 15. Re1 O-O-O 16. Nd4 Rhg8 17. Nxf5 exf5 18. h4 Rde8 19. Bf4 Re6 20. Rad1 Rd8 21. Rd4 f6 22. Rd3 fxe5 23. Rde3 Rde8 24. a4 Bd7 25. Bg5 f4 26. Rd3 Bc6 27. Red1 a5 28. Qb3 Qd7 29. Qb6 Qc7 30. Qb3 Rf8 31. c4 d4 32. f3 Be8 33. Rb1 Bg6 34. Rd2 Rc6 35. Qa3 Rf7 36. Rb5 Rd7 37. Re2 d3 38. cxd3 Rxd3 39. Qb2 e4 40. fxe4 Rd1+ 41. Kf2 Rxc5 42. Re1 Rxe1 43. Kxe1 Rxc4 44. Rd5 Rxe4+ 45. Kf2 Kb8 46. Qb5 Qc3 47. Rd3 Qe1+ 0-1

[Event "Muensterland Regionalliga 2526"]
[Site "Germany"]
[Date "2026.03.07"]
[Round "7"]
[Board "5"]
[White "Bergemann, Martin"]
[Black "Plotz, Noah"]
[Result "0-1"]
[WhiteElo "1891"]
[BlackElo "1861"]
[WhiteFideId "-1"]
[BlackFideId "-1"]
[PlyCount "78"]
[GameId "2290172160459080"]
[EventDate "2025.??.??"]
[EventType "team-tourn"]
[EventRounds "9"]
[EventCountry "GER"]
[SourceTitle "Verband Muensterland"]
[SourceDate "2025.09.21"]
[SourceVersion "1"]
[SourceVersionDate "2025.09.21"]
[SourceQuality "1"]
[WhiteTeam "Raesfeld Erle II"]
[BlackTeam "Steinfurt"]
[WhiteTeamCountry "GER"]
[BlackTeamCountry "GER"]

1. d4 d5 2. c4 e5 3. e3 exd4 4. exd4 Nc6 5. Nf3 Nf6 6. Nc3 Bb4 7. a3 Bxc3+ 8. bxc3 O-O 9. Bg5 Re8+ 10. Be2 dxc4 11. O-O Qd6 12. Bxc4 Ne4 13. Bd2 Bg4 14. Be2 Qg6 15. Kh1 Rad8 16. Qc1 Nxc3 17. Bxc3 Rxe2 18. Qf4 Qe4 19. Qg3 Bxf3 20. gxf3 Qd5 21. Rg1 g6 22. Kg2 Rd6 23. Rge1 Rxe1 24. Rxe1 Rf6 25. Re3 Rf5 26. h4 Qd8 27. Re4 Ne7 28. Bd2 Nd5 29. Bh6 Rh5 30. Bg5 f6 31. Bd2 Kf7 32. Qh3 Rf5 33. Bh6 Qd6 34. Qg4 Qxa3 35. h5 Qd6 36. hxg6+ hxg6 37. Re8 Nf4+ 38. Bxf4 Qxf4 39. Rc8 Rg5 0-1

[Event "Muensterland Regionalliga 2526"]
[Site "Germany"]
[Date "2026.03.07"]
[Round "7"]
[Board "6"]
[White "Janning, Rainer"]
[Black "Boelker, Franz"]
[Result "0-1"]
[WhiteElo "1826"]
[BlackElo "1805"]
[WhiteFideId "-1"]
[BlackFideId "-1"]
[PlyCount "106"]
[GameId "2290172160459078"]
[EventDate "2025.??.??"]
[EventType "team-tourn"]
[EventRounds "9"]
[EventCountry "GER"]
[SourceTitle "Verband Muensterland"]
[SourceDate "2025.09.21"]
[SourceVersion "1"]
[SourceVersionDate "2025.09.21"]
[SourceQuality "1"]
[WhiteTeam "Steinfurt"]
[BlackTeam "Raesfeld Erle II"]
[WhiteTeamCountry "GER"]
[BlackTeamCountry "GER"]

1. e4 c5 2. Nf3 d6 3. d4 cxd4 4. Nxd4 Nf6 5. Nc3 a6 6. Be3 e6 7. f3 Qc7 8. Qd2 Be7 9. g4 Nc6 10. g5 Nd7 11. h4 Nce5 12. O-O-O Nc4 13. Bxc4 Qxc4 14. h5 Nf8 15. Kb1 b5 16. Nb3 Qc7 17. Bd4 b4 18. Ne2 e5 19. Be3 a5 20. Nbc1 Bb7 21. Ng3 g6 22. f4 exf4 23. Bxf4 O-O-O 24. Nb3 Ne6 25. Nd4 Nxd4 26. Qxd4 Qc5 27. Rhe1 Rhf8 28. Be3 Qb5 29. c4 Qe5 30. Rg1 f6 31. hxg6 hxg6 32. Qxe5 dxe5 33. Kc1 fxg5 34. Rxd8+ Bxd8 35. Kd2 Rh8 36. Ne2 Bxe4 37. Bxg5 Bxg5+ 38. Rxg5 Bf5 39. Rg3 Kc7 40. a3 Kc6 41. axb4 axb4 42. Re3 Kd6 43. Rg3 Rc8 44. b3 Ra8 45. Nc1 Ke6 46. Rg1 Kf6 47. Rh1 Kg7 48. Re1 Rd8+ 49. Ke3 Kf6 50. Rh1 g5 51. Rh6+ Bg6 52. Rh1 g4 53. Rg1 Kg5 0-1

[Event "Muensterland Regionalliga 2526"]
[Site "Germany"]
[Date "2026.03.07"]
[Round "7"]
[Board "7"]
[White "Broemmel, Chris"]
[Black "Thomas, Wolfgang1"]
[Result "1/2-1/2"]
[WhiteElo "1827"]
[BlackElo "1729"]
[WhiteFideId "-1"]
[BlackFideId "-1"]
[PlyCount "75"]
[GameId "2290172160467280"]
[EventDate "2025.??.??"]
[EventType "team-tourn"]
[EventRounds "9"]
[EventCountry "GER"]
[SourceTitle "Verband Muensterland"]
[SourceDate "2025.09.21"]
[SourceVersion "1"]
[SourceVersionDate "2025.09.21"]
[SourceQuality "1"]
[WhiteTeam "Raesfeld Erle II"]
[BlackTeam "Steinfurt"]
[WhiteTeamCountry "GER"]
[BlackTeamCountry "GER"]

1. e4 e6 2. b3 d5 3. Bb2 a6 4. exd5 exd5 5. Nf3 Nc6 6. Be2 Nf6 7. O-O Be7 8. d3 O-O 9. Nbd2 Re8 10. Re1 Bf8 11. Nf1 g6 12. Ng3 Bg7 13. a4 a5 14. Nd4 Nxd4 15. Bxd4 b6 16. Bf3 Rxe1+ 17. Qxe1 c5 18. Be5 Ng4 19. Bxg7 Kxg7 20. Qe2 Nf6 21. h4 Be6 22. h5 Qd6 23. Qd2 Re8 24. h6+ Kf8 25. Qg5 Bd7 26. Qd2 Qe5 27. Rd1 Bg4 28. c3 Bxf3 29. gxf3 Nh5 30. d4 cxd4 31. cxd4 Qf4 32. Qxf4 Nxf4 33. Rc1 Ne2+ 34. Nxe2 Rxe2 35. Rc8+ Re8 36. Rc6 Re6 37. Rc8+ Re8 38. Rc6 1/2-1/2